Condicionamiento físico para la juventud

Zapisane w:
Opis bibliograficzny
1. autor: Koch, Karl (Autor)
Format: Książka
Język:hiszpański
Wydane: Buenos Aires Kapelusz 1973
Seria:Colección de Educación Física
Hasła przedmiotowe:
Etykiety: Dodaj etykietę
Nie ma etykietki, Dołącz pierwszą etykiete!

MARC

LEADER 00000nam a2200000 a 4500
001 UCY2265
003 CL-VaPUC
008 941019e19730000AG |||||||||||||||||spa|d
082 0 4 |a 796.41  |b KOC  |2 21 
100 |a Koch, Karl  |e author  |9 549734 
245 1 0 |a Condicionamiento físico para la juventud 
300 |a 90 p 
942 |c BK 
945 |d 19941019 00:00:00  |a rbrito 
260 |a Buenos Aires  |b Kapelusz  |c 1973 
650 0 |a Educación física  |9 240893 
650 0 |a Niños  |9 255605 
650 7 |a ENTRENAMIENTO ATLETICO  |2 CL-VaPUC  |9 330311 
583 |a last modification  |c 20170913 12:15:50  |k Rodrigo Vera 
490 0 |a Colección de Educación Física 
999 |c 230722  |d 230720 
952 |0 0  |1 0  |4 0  |6 796_410000000000000_KOC_1973  |7 0  |8 P  |9 233213  |a BIBEDU  |b BIBEDU  |c BIBEDU_PB  |d 2019-11-15  |i 3019942  |o 796.41 KOC 1973  |p 3019942  |r 2024-01-25  |w 2019-11-15  |y BK  |k EFI 
952 |0 0  |1 0  |4 0  |6 796_410000000000000_KOC_1973  |7 0  |8 P  |9 233214  |a BIBEDU  |b BIBEDU  |c BIBEDU_PB  |d 2019-11-15  |i 1534327  |o 796.41 KOC 1973  |p 1534327  |r 2024-01-25  |w 2019-11-15  |y BK  |k EDU 
952 |0 0  |1 0  |4 0  |6 796_410000000000000_KOC_1973  |7 0  |8 P  |9 233215  |a BIBEDU  |b BIBEDU  |c BIBEDU_PB  |d 2019-11-15  |i 1534335  |o 796.41 KOC 1973  |p 1534335  |r 2024-01-25  |w 2019-11-15  |y BK  |k EDU